Statistics for Cavs 2012-13 Roster

Click here to take the quiz!

General Stats

  • This quiz has been taken 5 times
  • The average score is 2 of 19

Answer Stats

HintAnswer% Correct
2Kyrie Irving
100%
13Tristan Thompson
60%
17Anderson Varejão
20%
4Luke Walton
20%
33Alonzo Gee
0%
20Chris Quinn
0%
0C.J. Miles
0%
1Daniel Gibson
0%
3Dion Sanders
0%
15Donald Sloan
0%
8Jeremy Pargo
0%
30Jon Leuer
0%
5Kevin Jones
0%
15Marreese Speights
0%
36Omri Casspi
0%
24Samardo Samuels
0%
14Shaun Livingston
0%
40Tyler Zeller
0%
21Wayne Ellington
0%

Score Distribution

Percentile by Number Answered

Percent of People with Each Score

Your Score History

You have not taken this quiz